Które państwo jest większe - Statystyki

Ogólne statystyki
  • Ten quiz został rozwiązany 255 razy
  • Średni wynik to 7 z 10
Statystyki odpowiedzi
Zagadnienie Odpowiedź % Poprawnych
Które państwo jest większe?
96%
Które państwo jest większe?
91%
Które państwo jest większe?
89%
Które państwo jest większe?
87%
Które państwo jest większe?
71%
Które państwo jest większe?
69%
Które państwo jest większe?
60%
Które państwo jest większe?
58%
Które państwo jest większe?
44%
Które państwo jest większe?
40%
Nie znaleziono quizów pasujących do podanych kryteriów
Rozkład punktacji
Procent ludzi z każdym wynikiem
Percentyl według liczby udzielonych odpowiedzi
Twoja historia wyników
Nie rozwiązałeś tego quizu